Paroles : Je l'aime à mourir - Francis Cabrel - Statistiques

Statistiques générales
  • Ce quiz a été pris 16 129 fois
  • Le résultat moyen est 279 sur 335
Statistiques - réponses
Paroles % Correct
je
100%
Je
100%
à
99%
a
99%
la
99%
l'aime
99%
mourir
99%
de
98%
De
98%
et
98%
Et
98%
le
98%
du
97%
97%
Elle
96%
les
96%
qu'à
96%
ses
96%
ne
95%
Ne
95%
tout
95%
Tout
95%
pour
94%
Pour
94%
nuits,
93%
suis
93%
au
92%
gardien
92%
rien
92%
voilà
92%
sommeil
91%
vie
91%
vie,
91%
n'étais
90%
qu'aujourd'hui
90%
faire
89%
guerres
89%
Moi
89%
toutes
89%
aussi
88%
des
88%
n'a
88%
aujourd'hui
87%
bras
86%
en
86%
être
86%
reconstruire
86%
reconstruire,
86%
ce
85%
forte
85%
l'amour
85%
ma
85%
ouvrir
84%
l'espace
83%
que
82%
papier,
81%
plaira
80%
Vous
80%
vous
80%
fait
79%
cocottes
78%
pas
78%
pouvez
78%
si
78%
éclats
77%
rire
77%
qu'elle
75%
qu'il
75%
détruire
73%
dormir
72%
dormir,
72%
nous
72%
veut
72%
chaque
70%
ciel
70%
fois
70%
entre
69%
traversons
66%
horloges
65%
ponts
65%
quartier
65%
bâti
63%
me
60%
sa
55%
chiffres
53%
gommé
51%
rêve
51%
lui
50%
retenir
49%
retenir,
49%
son
49%
dans
48%
n'aura
48%
appartenir
45%
appartenir,
45%
j'ai
45%
dessine,
43%
dois
43%
juste
43%
d'essayer
42%
essayer
42%
laisse
42%
s'envoler
41%
tort
41%
d'opaline
40%
mes
40%
souvent
40%
forêts
39%
milieu
39%
parler
39%
rubans
39%
danse
38%
mieux
38%
vit
38%
bois,
37%
chante
36%
porte
35%
sabots
34%
vouloir,
33%
clouer
31%
notes
31%
sous
31%
grotte
30%
m'asseoir,
28%
toits
28%
cachée
26%
monter
26%
Aucun quiz correspondant
Distribution des résultats
% des personnes avec chaque résultat
Percentile par nombre de réponses
Votre historique - résultats
Vous n’avez pas pris ce quiz